00512nam a2200193 a 4500001001300000003000900013005001700022008004100039020002200080082002300102100001700125245004100142260003800183300000800221500003500229505001000264650002700274700001700301nice12345678IN_TiNIC20260116012306.0050524s1987 dela grp 000 0 eng  a8120268 c5000a323.39710954bSHA6 aShakir, Moin aMuslims and Indian National Congress aDelhibAjanta Publications c1987 a84p aincludes index and biblioraphy2 aIndex aMuslims-India-Politics1 aShakir, Moin